J.R.R. Tolkien - The Three Rings' Bearers - Statistics

General Stats
  • This quiz has been taken 289 times
  • The average score is 4 of 5
Answer Stats
Ring Bearer % Correct
Nenya Galadriel
99%
Narya Gandalf
97%
Vilya Elrond
96%
Narya Círdan
77%
Narya, Vilya Gil-galad
68%
No matching quizzes found
Score Distribution
Percent of People with Each Score
Percentile by Number Answered
Your Score History
You have not taken this quiz